मनस्विनी (Record no. 100798)

MARC details
000 -LEADER
fixed length control field 00524nam a2200181Ia 4500
008 - FIXED-LENGTH DATA ELEMENTS--GENERAL INFORMATION
fixed length control field 090124s9999 xx 000 0 und d
082 ## - DEWEY DECIMAL CLASSIFICATION NUMBER
Item number 34870
100 ## - MAIN ENTRY--PERSONAL NAME
Personal name नरवणे सुधा
245 ## - TITLE STATEMENT
Title मनस्विनी
250 ## - EDITION STATEMENT
Edition statement 1
260 ## - PUBLICATION, DISTRIBUTION, ETC. (IMPRINT)
Name of publisher, distributor, etc चंद्रमौळी प्रकाशन
Date of publication, distribution, etc 1997
300 ## - PHYSICAL DESCRIPTION
Extent 144
600 ## - SUBJECT ADDED ENTRY--PERSONAL NAME
Personal name नरवणे सुधा
630 ## - SUBJECT ADDED ENTRY--UNIFORM TITLE
Uniform title मनस्विनी
700 ## - ADDED ENTRY--PERSONAL NAME
Personal name नरवणे सुधा
730 ## - ADDED ENTRY--UNIFORM TITLE
Uniform title मनस्विनी
942 ## - ADDED ENTRY ELEMENTS (KOHA)
Koha item type Book
Holdings
Withdrawn status Lost status Damaged status Not for loan Home library Current library Date acquired Cost, normal purchase price Total Checkouts Full call number Barcode Date last seen Cost, replacement price Price effective from Koha item type
        Nagar Wachan Mandir, Thane Nagar Wachan Mandir, Thane   105.00   34870 THNNWM-34870 01/24/2009 105.00 01/24/2009 Book